Toutes les communes d'Ardenne Métropole - Statistiques

Statistiques générales
  • Ce quiz a été pris 16 fois
  • Le résultat moyen est 29 sur 58
Statistiques - réponses
Commune % Correct
Charleville-Mézières
100%
Sedan
78%
La Francheville
67%
Lumes
67%
Nouzonville
67%
Tournes
67%
Villers-Semeuse
67%
Vivier-au-Court
67%
Warcq
67%
Aiglemont
56%
Arreux
56%
Balan
56%
Bazeilles
56%
Belval
56%
Cliron
56%
Damouzy
56%
Dom-le-Mesnil
56%
Donchery
56%
Flize
56%
Floing
56%
Gernelle
56%
Houldizy
56%
Illy
56%
Issancourt-et-Rumel
56%
La Grandville
56%
Les Ayvelles
56%
Prix-lès-Mézières
56%
Saint-Laurent
56%
Fagnon
44%
Fleigneux
44%
Gespunsart
44%
Givonne
44%
Glaire
44%
Haudrecy
44%
La Chapelle
44%
Montcy-Notre-Dame
44%
Neufmanil
44%
Nouvion-sur-Meuse
44%
Noyers-Pont-Maugis
44%
Saint-Aignan
44%
Saint-Menges
44%
Thelonne
44%
Ville-sur-Lumes
44%
Vrigne aux Bois
44%
Vrigne-Meuse
44%
Wadelincourt
44%
Chalandry-Elaire
33%
Cheveuges
33%
Daigny
33%
Étrépigny
33%
Francheval
33%
Hannogne-Saint-Martin
33%
La Moncelle
33%
Pouru-aux-Bois
33%
Pouru-Saint-Remy
33%
Sapogne-et-Feuchères
33%
Sécheval
33%
Villers-sur-Bar
22%
Aucun quiz correspondant
Distribution des résultats
% des personnes avec chaque résultat
Percentile par nombre de réponses
Votre historique - résultats
Vous n’avez pas pris ce quiz